00553cas a22001932a 4500001000900000003001100009008004700020092001800067245009600085300003000181310001500211022001400226260000900240260001100249260001300260260006200273942000900335999001500344 000514 AR-FADEU 311216n############xxu####################dd aPP(371.32)TEC aTecnología y comunicación educativas : un encuentro de los países de América Latina b1992 (oct.); 1994 (22-24) atrimestral a0187-0785 bILCE bUNESCO aMéxico aInstituto Latinoamericfano de la Comunicación Educativa cPPGR c2423d2423